<?xml version="1.0" encoding="UTF-8"?>
<record
    xmlns:xsi="http://www.w3.org/2001/XMLSchema-instance"
    xsi:schemaLocation="http://www.loc.gov/MARC21/slim http://www.loc.gov/standards/marcxml/schema/MARC21slim.xsd"
    xmlns="http://www.loc.gov/MARC21/slim">

  <leader>02623nam a2200301 a 4500</leader>
  <controlfield tag="001">BRCA_2741</controlfield>
  <controlfield tag="005">20190320203940.0</controlfield>
  <controlfield tag="008">041208s1898----enk#---###---#000-0#spa-u</controlfield>
  <datafield tag="041" ind1=" " ind2=" ">
    <subfield code="a">spa</subfield>
  </datafield>
  <datafield tag="044" ind1=" " ind2=" ">
    <subfield code="a">enk</subfield>
  </datafield>
  <datafield tag="084" ind1=" " ind2=" ">
    <subfield code="a">236</subfield>
    <subfield code="b">.C667</subfield>
    <subfield code="c">1898</subfield>
  </datafield>
  <datafield tag="100" ind1="1" ind2=" ">
    <subfield code="a">Cervantes Saavedra, Miguel de</subfield>
    <subfield code="d">1547-1616</subfield>
    <subfield code="9">213</subfield>
  </datafield>
  <datafield tag="245" ind1="1" ind2="0">
    <subfield code="a">El Ingenioso Hidalgo Don Quixote de la Mancha</subfield>
    <subfield code="c">compuesto por Miguel de Cervantes Saavedra.</subfield>
  </datafield>
  <datafield tag="260" ind1=" " ind2=" ">
    <subfield code="a">Edimburgo : Londres</subfield>
    <subfield code="b">Constable</subfield>
    <subfield code="c">1898</subfield>
  </datafield>
  <datafield tag="300" ind1=" " ind2=" ">
    <subfield code="a">2 v.</subfield>
    <subfield code="c">29 cm.</subfield>
  </datafield>
  <datafield tag="500" ind1=" " ind2=" ">
    <subfield code="a">Contenido : v 1. Primera parte. Dedicatoria al Sr. Hernesto Henley. Introducci&#xF3;n por Fitzmaurice Kelly y J. Ormsby. Tabla de la relaci&#xF3;n entre las principales ediciones de la primera parte de D. Quijote. Dedicatoria del autor. Pr&#xF3;logo del autor. Versos preliminares. Texto. -- v 2. Segunda parte. Dedicatoria del autor. Pr&#xF3;logo del autor. Texto</subfield>
  </datafield>
  <datafield tag="500" ind1=" " ind2=" ">
    <subfield code="a">Valiosa edici&#xF3;n publicada y comentada por los notables cervantistas ingleses, J. Fritzmaurice-Kelly y J. Ormsby. Es una de las primeras impresiones del texto restituido por dichos hispanistas quienes, adem&#xE1;s de tomar por base el texto de la edici&#xF3;n pr&#xED;ncipe, cotejaron las siguientes: segunda y tercera de Cuesta (1605 y 1608), Valencia de 1605, Bruselas de 1607, Madrid de 1637, 1647, 1652 y 1668, a diferencia de la casi totalidad de las ediciones anteriores, incluso las de la Academia, que hab&#xED;an tomado por modelo la segunda de Cuesta confundi&#xE9;ndola con la primera. Sosten&#xED;an, adem&#xE1;s, con argumentos de peso, que Cervantes no corrigi&#xF3; la tercera edici&#xF3;n de Cuesta (1608), como se pensaba generalmante. Pero, tuvieron el desatino de suprimir el episodio del robo del rucio. De todos modos, esta edici&#xF3;n es de notable valor literario. La elogiaron: J. Valera, M. Men&#xE9;ndez y Pelayo, Fouch&#xE9;-Del-bosc quien afirmaba que los dos ingleses han restituido verdaderamente el texto de Don Quijote y que ninguna reimpresi&#xF3;n podr&#xE1;, en lo adelante, prescindir de la de los Sres. Fitzmaurice-Kelly y Ormsby. En la parte tipogr&#xE1;fica campea el buen gusto: papel superior, grandes m&#xE1;rgenes, tipos finos y claros. Tela L&#xFA;dovik Osterc</subfield>
  </datafield>
  <datafield tag="500" ind1=" " ind2=" ">
    <subfield code="a">Incluye &#xED;ndice : De materias</subfield>
  </datafield>
  <datafield tag="650" ind1="1" ind2="4">
    <subfield code="a">Novela espa&#xF1;ola</subfield>
    <subfield code="y">&#xC9;poca cl&#xE1;sica, 1500-1700</subfield>
    <subfield code="9">215</subfield>
  </datafield>
  <datafield tag="650" ind1="1" ind2="4">
    <subfield code="a">Literatura espa&#xF1;ola</subfield>
    <subfield code="y">&#xC9;poca cl&#xE1;sica, 1500-1700</subfield>
    <subfield code="9">216</subfield>
  </datafield>
  <datafield tag="650" ind1="1" ind2="4">
    <subfield code="a">Novela espa&#xF1;ola</subfield>
    <subfield code="y">Siglo XVII</subfield>
    <subfield code="9">217</subfield>
  </datafield>
  <datafield tag="650" ind1="1" ind2="4">
    <subfield code="a">Don Quijote (Personaje ficticio)</subfield>
    <subfield code="e">Novela</subfield>
    <subfield code="9">218</subfield>
  </datafield>
  <datafield tag="700" ind1="1" ind2=" ">
    <subfield code="a">Fitzmaurice-Kelly, James</subfield>
    <subfield code="d">1858-1923</subfield>
    <subfield code="e">Anotador</subfield>
    <subfield code="9">7722</subfield>
  </datafield>
  <datafield tag="700" ind1="1" ind2=" ">
    <subfield code="a">Ormsby, John</subfield>
    <subfield code="d">1829-1895</subfield>
    <subfield code="e">Anotador</subfield>
    <subfield code="9">7723</subfield>
  </datafield>
  <datafield tag="740" ind1="0" ind2=" ">
    <subfield code="a">El Ingenioso Hidalgo Don Quijote de la Mancha</subfield>
  </datafield>
  <datafield tag="902" ind1=" " ind2=" ">
    <subfield code="a">QFM</subfield>
  </datafield>
  <datafield tag="942" ind1=" " ind2=" ">
    <subfield code="2">lcc</subfield>
    <subfield code="c">B</subfield>
  </datafield>
  <datafield tag="999" ind1=" " ind2=" ">
    <subfield code="c">2481</subfield>
    <subfield code="d">2481</subfield>
  </datafield>
  <datafield tag="952" ind1=" " ind2=" ">
    <subfield code="0">0</subfield>
    <subfield code="1">0</subfield>
    <subfield code="4">0</subfield>
    <subfield code="7">0</subfield>
    <subfield code="a">BRCA</subfield>
    <subfield code="b">BRCA</subfield>
    <subfield code="d">2008-12-04</subfield>
    <subfield code="l">0</subfield>
    <subfield code="o">236 .C667 1898</subfield>
    <subfield code="p">2738</subfield>
    <subfield code="r">2019-03-22 00:00:00</subfield>
    <subfield code="w">2019-03-22</subfield>
    <subfield code="y">B</subfield>
  </datafield>
</record>
